Data structures and algorithms in C++ / (Record no. 36443)

MARC details
000 -LEADER
fixed length control field 01176nam a22003017a 4500
005 - DATE AND TIME OF LATEST TRANSACTION
control field 20100601102611.0
008 - FIXED-LENGTH DATA ELEMENTS--GENERAL INFORMATION
fixed length control field 100601t xxu||||| |||| 00| 0 eng d
010 ## - LCCN (DPL NO)
LC control number ENG-96233
020 ## - INTERNATIONAL STANDARD BOOK NUMBER
International Standard Book Number 9780070669109
Terms of availability 265.00
020 ## - INTERNATIONAL STANDARD BOOK NUMBER
International Standard Book Number 0070669104
Terms of availability 265.00
035 ## - SYSTEM CONTROL NUMBER
System control number EN-79766
037 ## - SOURCE OF ACQUISITION
Source of stock number/acquisition DBAD/PUB
040 ## - CATALOGING SOURCE
Original cataloging agency DPL
Language of cataloging Eng
082 ## - DEWEY DECIMAL CLASSIFICATION NUMBER
Classification number 005.133
100 ## - MAIN ENTRY--PERSONAL NAME
Personal name Joshi, Brijendra Kumar
245 ## - TITLE STATEMENT
Title Data structures and algorithms in C++ /
Statement of responsibility, etc by Brijendra Kumar Joshi
260 ## - PUBLICATION, DISTRIBUTION, ETC. (IMPRINT)
Place of publication, distribution, etc New Delhi
Name of publisher, distributor, etc Tata McGraw Hill
Date of publication, distribution, etc 2010
270 ## - ADDRESS
Address 7, West Patel Nagar
City New Delhi
Postal code 110008
300 ## - PHYSICAL DESCRIPTION
Extent xxi, 360p .:
Dimensions 24 cm. (pbk)
Other physical details ill.
500 ## - GENERAL NOTE
General note includes index
650 ## - SUBJECT ADDED ENTRY--TOPICAL TERM
Topical term or geographic name as entry element C++ (Computer program language)
650 ## - SUBJECT ADDED ENTRY--TOPICAL TERM
Topical term or geographic name as entry element Data structures (Computer science)
650 ## - SUBJECT ADDED ENTRY--TOPICAL TERM
Topical term or geographic name as entry element Computer algorithms.
700 ## - ADDED ENTRY--PERSONAL NAME
Personal name Thiel, David
942 ## - ADDED ENTRY ELEMENTS (KOHA)
Source of classification or shelving scheme Dewey Decimal Classification
Item type English Books
Call number suffix JOS
Classification part 005.133
Holdings
Withdrawn status Lost status Source of classification or shelving scheme Damaged status Not for loan Collection code Home library Current library Date acquired Source of acquisition Cost, normal purchase price Total Checkouts Full call number Barcode Date last seen Copy number Cost, replacement price Koha item type
    Dewey Decimal Classification   Not For Loan Non-fiction D.B.Act.Division D.B.Act.Division 10/05/2010 DBAD/PUB 265.00   005.133 JOS EN-79766 01/06/2010 1 265.00 English Books

© Delhi Public Library
Hit Counter
free hit counter